000 00241nam a22000977a 4500
999 _c16226
_d16226
003 OSt
008 200624b ||||| |||| 00| 0 eng d
100 _aSathianathair
_94630
245 _aPolitical and cultural history of India,vol-2
942 _cBK